[Event "European Blitz 2022"]
[Site "Katowice POL"]
[Date "2022.12.16"]
[Round "16.7"]
[White "Moroni, Luca Jr"]
[Black "Keinanen, Toivo"]
[Result "1/2-1/2"]
[WhiteTitle "GM"]
[BlackTitle "IM"]
[WhiteElo "2576"]
[BlackElo "2508"]
[WhiteFideId "865834"]
[BlackFideId "509825"]
[EventDate "2022.12.16"]

1. d4 d5 2. Nf3 Nf6 3. c3 c6 4. Qc2 Bg4 5. Ne5 Bh5 6. Qf5 Bg6 7. Nxg6 hxg6 8.
Qc2 Nbd7 9. Bf4 Nh5 10. Bg5 Qc7 11. Nd2 e5 12. e3 e4 13. Be2 Bd6 14. c4 f6 15.
c5 fxg5 16. cxd6 Qxd6 17. O-O-O O-O-O 18. f3 exf3 19. Bxf3 Nhf6 20. Qxg6 Rxh2
21. Rxh2 Qxh2 22. Qxg5 Qh7 23. Qf4 Re8 24. Nb3 Rh8 25. g4 Qg6 26. g5 Ne4 27.
Bxe4 Qxe4 28. Qxe4 dxe4 29. Nd2 Rh4 30. Rf1 Rh3 31. Nxe4 Rxe3 32. Nd6+ Kc7 33.
Nf5 Re6 34. Nxg7 Rg6 35. Rf7 Kd6 36. Ne8+ Ke6 37. Rg7 Rxg7 38. Nxg7+ Kf7 39. Nf5
Kg6 40. Nd6 b6 41. Nc8 Kxg5 42. Nxa7 Nb8 43. Nc8 b5 44. Kd2 Kf5 45. Kc3 Ke6 46.
a4 bxa4 47. Nb6 Kd6 48. Kc4 Na6 49. Nxa4 Nc7 50. Nc3 Ne6 51. b3 Kc7 52. Ne4 Nf4
53. Nd2 Nd5 54. Nf3 Nb6+ 55. Kd3 Nd5 56. Ne5 Kb6 57. Kc4 Ne3+ 58. Kc3 Nd5+ 59.
Kd3 Kc7 60. Kc4 Kb6 61. Nd7+ Kc7 62. Nc5 Kb6 63. Na4+ Kc7 64. Kc5 Nf4 65. Nb2
Ne6+ 66. Kc4 Kb6 67. Nd3 Ng5 68. Ne5 Ne4 69. Kd3 Nf6 70. Nc4+ Kc7 71. Ke3 Kd7
72. Kf4 Ke6 73. Ke3 Kd5 74. Kd3 c5 75. Ne3+ Kc6 76. Kc4 cxd4 77. Kxd4 Kb5 1/2-1/2

[Event "European Blitz 2022"]
[Site "Katowice POL"]
[Date "2022.12.16"]
[Round "16.8"]
[White "Wieczorek, Oskar"]
[Black "Piorun, Kacper"]
[Result "0-1"]
[WhiteTitle "GM"]
[BlackTitle "GM"]
[WhiteElo "2504"]
[BlackElo "2611"]
[WhiteFideId "1133950"]
[BlackFideId "1130420"]
[EventDate "2022.12.16"]

1. e4 d5 2. exd5 Qxd5 3. Nc3 Qd8 4. d4 Nf6 5. Bc4 g6 6. Nf3 Bg7 7. h3 O-O 8. O-O
a6 9. a4 Nc6 10. Re1 b6 11. d5 Nb4 12. Bf4 Bb7 13. Qe2 Nbxd5 14. Nxd5 Nxd5 15.
Be5 e6 16. Rad1 Re8 17. h4 Bxe5 18. Qxe5 Qd6 19. Qe4 Qc5 20. Bb3 Rab8 21. Qe5 f6
22. Qg3 Kg7 23. h5 Qd6 24. Qh4 b5 25. axb5 axb5 26. h6+ Kf7 27. Rd4 c5 28. Rde4
c4 29. Ba2 Nb4 30. Rd4 Qc5 31. Rd7+ Re7 32. Rxe7+ Kxe7 33. Bb1 Bxf3 34. gxf3 Nd5
35. c3 Qd6 36. Be4 Nf4 37. Qh2 Kf7 38. Bc2 Rd8 39. Qg3 Qd2 0-1

[Event "European Blitz 2022"]
[Site "Katowice POL"]
[Date "2022.12.16"]
[Round "16.9"]
[White "Svane, Rasmus"]
[Black "Kosteniuk, Alexandra"]
[Result "1-0"]
[WhiteTitle "GM"]
[BlackTitle "GM"]
[WhiteElo "2622"]
[BlackElo "2520"]
[WhiteFideId "4657101"]
[BlackFideId "4128125"]
[EventDate "2022.12.16"]

1. Nf3 f5 2. d3 Nf6 3. e4 d6 4. Nc3 Nc6 5. exf5 Bxf5 6. d4 e6 7. Bc4 d5 8. Bb5
Bd6 9. Ne5 O-O 10. Bxc6 bxc6 11. Bf4 Qe8 12. O-O c5 13. dxc5 Bxc5 14. Nd3 Bb6
15. Qe2 d4 16. Nb1 Nd5 17. Bg3 h5 18. Nd2 Qg6 19. Rae1 Rae8 20. Nc4 Qh7 21. h4
Bg4 22. f3 Bf5 23. Bf2 Bxd3 24. Qxd3 Qxd3 25. cxd3 Nf4 26. Rd1 Bc5 27. Rfe1 Rf5
28. Re4 e5 29. a3 a6 30. b4 Ba7 31. g3 Nd5 32. Rde1 Ne3 33. Bxe3 dxe3 34. Kg2
Bd4 35. Nxe3 Ref8 1-0

[Event "European Blitz 2022"]
[Site "Katowice POL"]
[Date "2022.12.16"]
[Round "16.10"]
[White "Deac, Bogdan-Daniel"]
[Black "Szpar, Milosz"]
[Result "1-0"]
[WhiteTitle "GM"]
[BlackTitle "IM"]
[WhiteElo "2700"]
[BlackElo "2428"]
[WhiteFideId "1226380"]
[BlackFideId "1184989"]
[EventDate "2022.12.16"]

1. Nf3 Nf6 2. b3 d5 3. Bb2 Bf5 4. d3 e6 5. Nh4 Bg6 6. Nxg6 hxg6 7. g3 c5 8. Bg2
Nc6 9. c4 Be7 10. cxd5 exd5 11. Nd2 O-O 12. O-O Qd6 13. Rc1 Nd7 14. Qc2 Bf6 15.
a3 Nd4 16. Bxd4 cxd4 17. b4 Nb6 18. Nb3 Rfe8 19. Nc5 Qe7 20. Bf3 Bg5 21. Rb1
Rac8 22. Qa2 Red8 23. a4 Rc7 24. a5 Nd7 25. Bxd5 Nxc5 26. bxc5 Qxc5 27. Bxb7 Qc2
28. Rb2 Qc3 29. a6 Rc5 30. Qb1 Rb8 31. Rb5 Qa3 32. Rxc5 Qxc5 33. Qa2 Qe7 34. Rb1
Kh7 35. h4 Bh6 36. h5 f5 37. hxg6+ Kxg6 38. Rb5 Re8 39. Bf3 Qe6 40. Qa5 Re7 41.
Kg2 Kf6 42. Rc5 Rd7 43. Qb4 Qd6 44. Rc6 1-0

[Event "European Blitz 2022"]
[Site "Katowice POL"]
[Date "2022.12.16"]
[Round "16.11"]
[White "Alexakis, Dimitris"]
[Black "Grandelius, Nils"]
[Result "1-0"]
[WhiteTitle "IM"]
[BlackTitle "GM"]
[WhiteElo "2486"]
[BlackElo "2660"]
[WhiteFideId "4277023"]
[BlackFideId "1710400"]
[EventDate "2022.12.16"]

1. e4 c5 2. Nf3 e6 3. d4 cxd4 4. Nxd4 a6 5. c4 Nf6 6. Nc3 Qc7 7. a3 b6 8. Be2
Bb7 9. f3 Be7 10. Be3 O-O 11. Rc1 d6 12. O-O Nbd7 13. Qe1 Rac8 14. Qf2 Rfe8 15.
Rfd1 Qb8 16. b4 Ne5 17. Na4 Ba8 18. Nb3 b5 19. Nb6 Nxc4 20. Nxc8 Rxc8 21. Ba7
Qc7 22. Na5 d5 23. Bd4 Nh5 24. g3 Re8 25. e5 g6 26. f4 Ng7 27. Bd3 Qb8 28. Ba7
Qc7 29. Bd4 Qb8 30. Ba7 Qc7 31. Bd4 Qb8 32. Nb3 Nxa3 33. Ba7 Qb7 34. Na5 Qd7 35.
Bb6 Nc4 36. Nxc4 bxc4 37. Bxc4 Bxb4 38. Bxa6 Nf5 39. Qe2 Bc6 40. Bc5 Bxc5+ 41.
Rxc5 Qa7 42. Rc1 Bd7 43. Bd3 Nd4 44. Qb2 Nb5 45. Bxb5 Rc8 46. Qf2 Rxc5 47. Qxc5
Bxb5 48. Qxa7 1-0

[Event "European Blitz 2022"]
[Site "Katowice POL"]
[Date "2022.12.16"]
[Round "16.12"]
[White "Santos Latasa, Jaime"]
[Black "Sebenik, Matej"]
[Result "1-0"]
[WhiteTitle "GM"]
[BlackTitle "GM"]
[WhiteElo "2668"]
[BlackElo "2538"]
[WhiteFideId "2293307"]
[BlackFideId "14602296"]
[EventDate "2022.12.16"]

1. Nf3 d5 2. e3 c5 3. d4 cxd4 4. exd4 Nc6 5. c3 Bf5 6. Qb3 Qd7 7. Bf4 e6 8. Nbd2
a6 9. Be2 Nge7 10. h3 h6 11. Qd1 Nc8 12. a4 Bd6 13. Be3 Bc7 14. Nb3 b6 15. O-O
Nd6 16. a5 Nxa5 17. Nxa5 bxa5 18. Ne5 Qc8 19. Qa4+ Kf8 20. Bf4 g5 21. Nd7+ Ke7
22. Be5 Qxd7 23. Bf6+ Ke8 24. Bxh8 Qxa4 25. Rxa4 Rb8 26. Ra2 Nc4 27. Bxc4 dxc4
28. Be5 Bxe5 29. dxe5 Rb5 30. Rfa1 Rxe5 31. Rxa5 Re2 32. Rxa6 Rxb2 33. Rc6 Bd3
34. Rc7 1-0

[Event "European Blitz 2022"]
[Site "Katowice POL"]
[Date "2022.12.16"]
[Round "16.13"]
[White "Saraci, Nderim"]
[Black "Gaehwiler, Gabriel"]
[Result "1/2-1/2"]
[WhiteTitle "IM"]
[BlackTitle "IM"]
[WhiteElo "2468"]
[BlackElo "2408"]
[WhiteFideId "6351921"]
[BlackFideId "1314530"]
[EventDate "2022.12.16"]

1. Nf3 Nf6 2. b3 g6 3. Bb2 Bg7 4. d4 O-O 5. e3 b6 6. g3 Bb7 7. Bg2 c5 8. O-O d5
9. Ne5 Nbd7 10. c4 e6 11. Nxd7 Qxd7 12. dxc5 bxc5 13. cxd5 exd5 14. Nd2 Rac8 15.
Rc1 Rfe8 16. Nf3 Ne4 17. Bxg7 Kxg7 18. Qc2 Qd6 19. Nd2 Nf6 20. Rfd1 Qe5 21. Nf3
Qe7 22. Qb2 Kg8 23. Nd2 Ba6 24. Qa3 Be2 25. Re1 Bd3 26. Rc3 c4 27. Qxe7 Rxe7 28.
Rec1 Rec7 29. Bf1 d4 30. exd4 Nd5 31. Rxc4 Bxc4 32. bxc4 Nb4 33. a3 Nc6 34. d5
Na5 35. Rc3 Kg7 36. Kg2 Rd8 37. Re3 Rb8 38. Re4 Rb2 39. Rd4 Nb7 40. Ne4 f5 41.
Ng5 Nc5 42. d6 Rd7 43. Rd5 Ne4 44. Nxe4 fxe4 45. c5 e3 46. c6 Rxf2+ 47. Kg1 Rdf7
48. Bd3 e2 49. Bxe2 Rxe2 50. d7 Rff2 51. d8=Q Rg2+ 52. Kf1 Rgf2+ 53. Kg1 1/2-1/2

[Event "European Blitz 2022"]
[Site "Katowice POL"]
[Date "2022.12.16"]
[Round "16.14"]
[White "Stefansson, Hannes"]
[Black "Klekowski, Maciej"]
[Result "0-1"]
[WhiteTitle "GM"]
[BlackTitle "GM"]
[WhiteElo "2526"]
[BlackElo "2477"]
[WhiteFideId "2300087"]
[BlackFideId "1132717"]
[EventDate "2022.12.16"]

1. e4 c5 2. Nf3 e6 3. d4 cxd4 4. Nxd4 Nc6 5. Nc3 a6 6. Nxc6 bxc6 7. Bf4 d5 8.
Qf3 Nf6 9. O-O-O Be7 10. Bd3 Qa5 11. exd5 cxd5 12. Be5 Ra7 13. Qg3 O-O 14. h4
Rb7 15. a3 Bd7 16. h5 h6 17. Rh3 Rc8 18. Ne2 Ba4 19. Rh4 Bb3 20. Bc3 Rxc3 21.
Nxc3 Bxa3 22. Qe5 Rc7 23. Kb1 Bc4 24. Bxc4 dxc4 25. bxa3 Qxe5 0-1

[Event "European Blitz 2022"]
[Site "Katowice POL"]
[Date "2022.12.16"]
[Round "16.15"]
[White "Schneider, Ilja"]
[Black "Abdrlauf, Elham"]
[Result "0-1"]
[WhiteTitle "IM"]
[BlackTitle "IM"]
[WhiteElo "2483"]
[BlackElo "2518"]
[WhiteFideId "4663306"]
[BlackFideId "1533533"]
[EventDate "2022.12.16"]

1. e4 c6 2. Nf3 d5 3. exd5 cxd5 4. Ne5 Nf6 5. d4 g6 6. Bb5+ Nbd7 7. O-O Bg7 8.
Re1 O-O 9. Nf3 Ne4 10. c4 Nd6 11. Bxd7 Bxd7 12. cxd5 Bg4 13. Nc3 Nf5 14. Be3 Nh4
15. Bg5 Bxf3 16. gxf3 Nf5 17. Re4 Qb6 18. Qb3 Qd6 19. Bf4 Qf6 20. Be5 Qg5+ 21.
Rg4 Qh5 22. Ne4 Nxd4 23. Bxd4 Bxd4 24. Qxb7 Qe5 25. Ng3 Rab8 26. Qa6 Rxb2 27.
Rf1 Qxd5 28. Kg2 Bb6 29. a4 Ra2 30. h4 Qc5 31. Ne4 Qa5 32. Qxa5 Bxa5 33. Nc5 Rc8
34. Nb7 Bb6 35. Rb4 Rcc2 36. a5 Bxf2 37. Kh3 h5 38. a6 Bb6 39. Rd1 Rxa6 40. Rd7
Ra3 41. Kg3 Bf2+ 42. Kf4 Bxh4 43. Nd8 Kg7 44. Rbb7 Rc4+ 45. Ke5 Bf6+ 46. Kd5
Rd4+ 47. Kc6 Rc3+ 48. Kb5 Rxd7 49. Rxd7 Rxf3 0-1

[Event "European Blitz 2022"]
[Site "Katowice POL"]
[Date "2022.12.16"]
[Round "16.16"]
[White "Bartel, Mateusz"]
[Black "Nasuta, Grzegorz"]
[Result "0-1"]
[WhiteTitle "GM"]
[BlackTitle "GM"]
[WhiteElo "2627"]
[BlackElo "2546"]
[WhiteFideId "1112635"]
[BlackFideId "1141686"]
[EventDate "2022.12.16"]

1. e4 c5 2. Nf3 d6 3. Nc3 a6 4. d4 cxd4 5. Qxd4 Nc6 6. Qd3 Nf6 7. Be2 g6 8. Nd5
Bg7 9. c3 O-O 10. Bg5 Bg4 11. Bxf6 exf6 12. Ne3 Be6 13. O-O Qe7 14. Rfe1 Rad8
15. Nd5 Bxd5 16. Qxd5 Rfe8 17. Bc4 Ne5 18. Be2 Nxf3+ 19. Bxf3 f5 20. Kf1 f4 21.
g3 Be5 22. Kg2 Rc8 23. Qd3 Rc5 24. Bd1 h5 25. Bb3 Kg7 26. Qf3 Qf6 27. Rad1 Rec8
28. Rd5 R5c7 29. a4 Rh8 30. Red1 Re7 31. R5d3 g5 32. g4 hxg4 33. Qxg4 Rh4 34.
Qf5 Qh6 35. h3 Re6 36. Kf1 Rf6 37. Qd7 f3 38. Ke1 g4 39. Re3 gxh3 40. Kd2 h2 41.
Rh1 Bf4 42. Kd3 Bxe3 43. fxe3 f2 0-1

[Event "European Blitz 2022"]
[Site "Katowice POL"]
[Date "2022.12.16"]
[Round "16.17"]
[White "Kozak, Antoni"]
[Black "Kosakowski, Jakub"]
[Result "1-0"]
[BlackTitle "IM"]
[WhiteElo "2422"]
[BlackElo "2475"]
[WhiteFideId "21832030"]
[BlackFideId "1185080"]
[EventDate "2022.12.16"]

1. d4 d5 2. Nf3 Nf6 3. c3 e6 4. Bf4 c5 5. e3 Nc6 6. Nbd2 Bd6 7. Bg3 O-O 8. Bd3
b6 9. Qe2 Bb7 10. Rd1 Re8 11. Ne5 Ne7 12. f4 Nf5 13. Bf2 Bc7 14. g4 Nd6 15. Bh4
Qe7 16. Bxh7+ Kf8 17. Bd3 c4 18. Bc2 Bd8 19. Qg2 Qc7 20. Qh3 Nfe4 21. Nxe4 dxe4
22. Bxd8 Qxd8 23. Qh8+ Ke7 24. Qxg7 Rg8 25. Qh7 Qf8 26. g5 Nf5 27. Kd2 Bd5 28.
Qh3 Kd6 29. Qf1 b5 30. Qf2 f6 31. gxf6 Qxf6 32. Rdg1 Nh4 33. Bd1 Kc7 34. Rxg8
Rxg8 35. Rg1 Rxg1 36. Qxg1 Qxe5 37. dxe5 1-0

[Event "European Blitz 2022"]
[Site "Katowice POL"]
[Date "2022.12.16"]
[Round "16.18"]
[White "Lagarde, Maxime"]
[Black "Paehtz, Thomas"]
[Result "1-0"]
[WhiteTitle "GM"]
[BlackTitle "GM"]
[WhiteElo "2584"]
[BlackElo "2339"]
[WhiteFideId "662399"]
[BlackFideId "4611349"]
[EventDate "2022.12.16"]

1. e4 g6 2. d4 Bg7 3. Nc3 d6 4. Bg5 a6 5. f4 b5 6. Nf3 Bb7 7. Bd3 Nd7 8. e5 Nb6
9. Qe2 Qd7 10. O-O-O e6 11. Ne4 Nd5 12. Qd2 Nge7 13. Kb1 Nc6 14. g4 Ncb4 15.
Rhe1 Nxd3 16. Qxd3 h6 17. Bf6 Bxf6 18. Nxf6+ Nxf6 19. exf6 O-O-O 20. Nd2 Bd5 21.
c4 bxc4 22. Nxc4 Qb5 23. Rc1 Kd7 24. Rc3 Rb8 25. b3 a5 26. Rec1 Rb7 27. Ne5+
dxe5 28. Qxb5+ 1-0

[Event "European Blitz 2022"]
[Site "Katowice POL"]
[Date "2022.12.16"]
[Round "16.19"]
[White "Costachi, Mihnea"]
[Black "Oleksiyenko, Mykhaylo"]
[Result "1/2-1/2"]
[WhiteTitle "IM"]
[BlackTitle "GM"]
[WhiteElo "2476"]
[BlackElo "2594"]
[WhiteFideId "1217518"]
[BlackFideId "4152417"]
[EventDate "2022.12.16"]

1. d4 d5 2. c4 c6 3. Nf3 Nf6 4. Nc3 dxc4 5. e4 b5 6. Be2 e6 7. O-O a5 8. b3 b4
9. e5 Nd5 10. Nxd5 cxd5 11. bxc4 dxc4 12. Bxc4 Ba6 13. Bxa6 Rxa6 14. a3 Be7 15.
axb4 Bxb4 16. Qd3 h6 17. Bd2 Bxd2 18. Nxd2 O-O 19. Ne4 Ra7 20. Ra3 Nc6 21. Nd6
Qb6 22. Ra4 Rb8 23. h3 Qb3 24. Qxb3 Rxb3 25. Rc1 Rb4 26. Rc4 Rxc4 27. Rxc4 Ra6
28. Ne4 Ne7 29. Ra4 Ra7 30. Nd6 Nc6 31. Rc4 Nb4 32. Nb5 Rb7 33. Nd6 Rb8 34. Rc5
Ra8 35. Rc4 Nd5 36. Ra4 Nb6 37. Ra3 a4 38. Kf1 Kf8 39. Ke2 Ke7 40. Kd3 f6 41. f4
Nd5 42. g3 g5 43. fxg5 hxg5 44. Ne4 fxe5 45. dxe5 Nc7 46. Kc4 Ra5 47. Nxg5 Rxe5
48. Nf3 Ra5 49. Kb4 Rf5 50. Nd4 Nd5+ 51. Kxa4 Rf2 52. Kb5 Kd6 53. Ra6+ Ke5 54.
Nxe6 Rf6 55. h4 Rxe6 56. Rxe6+ Kxe6 1/2-1/2

[Event "European Blitz 2022"]
[Site "Katowice POL"]
[Date "2022.12.16"]
[Round "16.20"]
[White "Krzyzanowski, Marcin"]
[Black "Livaic, Leon"]
[Result "1-0"]
[WhiteTitle "GM"]
[BlackTitle "GM"]
[WhiteElo "2538"]
[BlackElo "2572"]
[WhiteFideId "1132199"]
[BlackFideId "14531534"]
[EventDate "2022.12.16"]

1. Nf3 d5 2. g3 Nf6 3. Bg2 e6 4. O-O Be7 5. c4 O-O 6. b3 a5 7. cxd5 exd5 8. Bb2
c6 9. d3 a4 10. Nbd2 Qa5 11. Qc2 Bg4 12. Bc3 Qc7 13. e4 axb3 14. axb3 Rxa1 15.
Bxa1 dxe4 16. dxe4 Nbd7 17. h3 Bh5 18. Nd4 Bg6 19. f4 Nd5 20. Qd3 Nb4 21. Qf3
Bc5 22. Kh1 Qb6 23. Nc4 Qa7 24. Nf5 Bxf5 25. exf5 Nc2 26. Bc3 Bd4 27. Bd2 Nf6
28. Qd3 b5 29. Ne5 Qc5 30. b4 Nxb4 31. Bxb4 Qxb4 32. Nxc6 Qd6 33. Qxd4 Qa3 34.
Qb4 Qxg3 35. Ne7+ Kh8 36. Ng6+ hxg6 37. Qxf8+ Kh7 38. Qxf7 gxf5 39. Qe6 Nh5 40.
Qxf5+ g6 41. Qf7+ Kh6 42. Qf8+ Kh7 43. Rd1 Ng7 44. Rd7 Qc3 45. Qf7 b4 46. Rb7
Kh6 47. Kh2 Qd4 48. Qf8 Kh7 49. Rxb4 Qc3 50. Rb8 Nf5 51. Qg8+ 1-0

[Event "European Blitz 2022"]
[Site "Katowice POL"]
[Date "2022.12.16"]
[Round "16.21"]
[White "Dvirnyy, Danyyil"]
[Black "Klenburg, Michael"]
[Result "1-0"]
[WhiteTitle "GM"]
[BlackTitle "IM"]
[WhiteElo "2530"]
[BlackElo "2347"]
[WhiteFideId "817570"]
[BlackFideId "14102072"]
[EventDate "2022.12.16"]

1. e4 d6 2. d4 Nf6 3. Nc3 g6 4. Be3 c6 5. h3 Qa5 6. Bd3 Nbd7 7. f4 e5 8. Nf3 Bg7
9. O-O O-O 10. Qe1 Nh5 11. dxe5 dxe5 12. f5 Nf4 13. Qh4 Nxd3 14. cxd3 Qd8 15.
Bg5 f6 16. Be3 Qe7 17. fxg6 hxg6 18. Qg3 Qe8 19. Rf2 b6 20. Rd1 Ba6 21. Rfd2 Qf7
22. d4 exd4 23. Rxd4 Bc8 24. Rd6 Nb8 25. e5 Be6 26. Ne4 Nd7 27. exf6 Nxf6 28.
Neg5 Nh5 29. Qf2 Qf6 30. Rxe6 Qxb2 31. Qxb2 Bxb2 32. Rxg6+ 1-0

[Event "European Blitz 2022"]
[Site "Katowice POL"]
[Date "2022.12.16"]
[Round "16.22"]
[White "Kjartansson, Gudmundur"]
[Black "Tazbir, Marcin"]
[Result "1-0"]
[WhiteTitle "GM"]
[BlackTitle "GM"]
[WhiteElo "2453"]
[BlackElo "2508"]
[WhiteFideId "2301318"]
[BlackFideId "1122452"]
[EventDate "2022.12.16"]

1. c4 e5 2. g3 f5 3. Nc3 Nf6 4. d4 e4 5. Bg5 Be7 6. e3 c6 7. h4 O-O 8. Nh3 d6 9.
Nf4 Na6 10. a3 Nc7 11. Be2 h6 12. Bxf6 Bxf6 13. g4 c5 14. g5 hxg5 15. hxg5 Bxg5
16. Ng6 Re8 17. dxc5 dxc5 18. Qa4 Bd7 19. Qb3 Qf6 20. Rh8+ Kf7 21. Rxe8 Rxe8 22.
Bh5 Kg8 23. Qxb7 Qc6 24. Qxc6 Bxc6 25. Rd1 Rb8 26. Rd2 Bf6 27. Nd1 Ne6 28. Rd6
Nd8 29. Nf4 Be5 30. Rd2 Bxf4 31. exf4 Ne6 32. Rd6 Nxf4 33. Rxc6 Nxh5 34. Rxc5 g6
35. b4 Nf4 36. Rc7 Nd3+ 37. Ke2 Rd8 38. Ne3 f4 39. Nd5 Nc1+ 40. Kf1 Nb3 41. Nf6+
Kf8 42. Nxe4 Rd1+ 43. Kg2 Nd4 44. Rxa7 f3+ 45. Kg3 Re1 46. Kf4 Ne6+ 47. Kxf3
Nd4+ 48. Kf4 Ne6+ 49. Ke5 Ng5 50. f3 Nxf3+ 51. Kf6 Ke8 52. Nd6+ Kd8 53. c5 Nd4
54. b5 Re6+ 55. Kf7 g5 56. b6 Rh6 57. b7 Nc6 58. Ra8+ Kd7 59. b8=Q Nxb8 60. Rxb8
g4 61. Rg8 Rh5 62. Ne4 Rf5+ 63. Nf6+ Kc6 64. Rxg4 Rxc5 65. Ke6 Rc3 66. Ra4 Re3+
67. Kf5 Kb5 68. Ra8 Rf3+ 69. Ke5 Rh3 70. Ne4 Rh5+ 71. Kd4 Rh4 72. Kd5 Rh5+ 73.
Kd4 Rh4 74. a4+ Kb6 75. Kd5 Rh5+ 76. Kd4 Rh4 77. a5+ Kb7 78. Re8 Ka6 79. Ra8+
Kb7 80. Re8 Ka6 81. Re5 Rh1 82. Kc4 Rc1+ 83. Nc3 Rc2 84. Kb3 Rc1 85. Kb4 Ra1 86.
Re6+ Kb7 87. Kb5 Rh1 88. Re7+ Kb8 89. Nd5 Rh5 90. Kb6 Rh6+ 91. Kc5 Rh5 92. Rg7
Ka8 93. Rf7 Kb8 94. Kb6 Rh6+ 95. Nf6 Rh8 96. Nd7+ Ka8 97. Rf8+ Rxf8 98. Nxf8 1-0

[Event "European Blitz 2022"]
[Site "Katowice POL"]
[Date "2022.12.16"]
[Round "16.23"]
[White "Fridman, Daniel"]
[Black "Karolczuk, Iwo"]
[Result "0-1"]
[WhiteTitle "GM"]
[BlackTitle "FM"]
[WhiteElo "2602"]
[BlackElo "2327"]
[WhiteFideId "11600454"]
[BlackFideId "21816972"]
[EventDate "2022.12.16"]

1. d4 Nf6 2. Nf3 e6 3. g3 b5 4. Bg2 Bb7 5. O-O Be7 6. Bg5 O-O 7. Qd3 a6 8. a4 b4
9. Nbd2 d5 10. c4 bxc3 11. bxc3 a5 12. c4 Nc6 13. Rfc1 Nb4 14. Qc3 Ne4 15. Nxe4
dxe4 16. Bxe7 Qxe7 17. Nd2 f5 18. Nb3 Bc6 19. Rcb1 Rfb8 20. f3 exf3 21. exf3 f4
22. Re1 fxg3 23. hxg3 Qg5 24. f4 Qg6 25. Bxc6 Nxc6 26. Re3 Rxb3 27. Qxb3 Nxd4
28. Qb7 Re8 29. Rd1 Nf5 30. Red3 Nxg3 31. Qf3 Nf5+ 32. Qg2 Qf6 33. Qc6 Rf8 34.
Re1 Qg6+ 35. Kf2 Nd6 36. Rf3 Qf6 37. Qd7 Qh4+ 38. Ke2 Qh2+ 39. Kd1 Qb2 40. Qxe6+
Kh8 41. c5 Qb1+ 42. Ke2 Qc2+ 43. Kf1 Nf5 44. Qe4 Qxc5 45. Rd3 Nd6 46. Qd4 Qf5
47. Rf3 h6 48. Qe5 Qg4 49. Kf2 Qh4+ 50. Kf1 Qh1+ 51. Ke2 Qg2+ 52. Rf2 Qg4+ 53.
Kd3 Qg3+ 54. Qe3 Qg6+ 55. Kc3 Nf5 56. Qe6 Qg3+ 57. Kc4 Qxf2 58. Re4 Nd6+ 59. Kd5
Nxe4 0-1

[Event "European Blitz 2022"]
[Site "Katowice POL"]
[Date "2022.12.16"]
[Round "16.24"]
[White "Kowalski, Igor"]
[Black "Vogel, Roven"]
[Result "0-1"]
[WhiteTitle "IM"]
[BlackTitle "IM"]
[WhiteElo "2344"]
[BlackElo "2463"]
[WhiteFideId "1172468"]
[BlackFideId "12908088"]
[EventDate "2022.12.16"]

1. e4 e5 2. Nf3 Nc6 3. Bb5 a6 4. Ba4 Nf6 5. O-O Be7 6. Re1 b5 7. Bb3 O-O 8. d3
d6 9. a4 Bb7 10. Nc3 Na5 11. Ba2 b4 12. Nd5 Nxd5 13. Bxd5 c6 14. Ba2 Bc8 15. c3
bxc3 16. bxc3 Rb8 17. d4 Qc7 18. Be3 Bg4 19. h3 Bh5 20. Qe2 Bf6 21. Qxa6 Bxf3
22. gxf3 h6 23. Rab1 Ra8 24. Qf1 Bg5 25. Bxg5 hxg5 26. Qg2 Qe7 27. Kh1 Qf6 28.
Rg1 g6 29. h4 Kg7 30. Qxg5 Qxf3+ 31. Rg2 Rh8 32. Rg1 Rh5 33. Qg3 Qxe4 34. f4
Rah8 35. Rf1 Rxh4+ 36. Kg1 exf4 37. Qe1 Rh1+ 38. Kf2 Qc2+ 39. Qe2 Rxf1+ 40. Kxf1
Qxc3 41. Kf2 Qxd4+ 42. Kf3 d5 43. Bb1 Nc4 44. Rxg6+ Kf8 45. Rxc6 Ne5+ 46. Kg2
f3+ 0-1

[Event "European Blitz 2022"]
[Site "Katowice POL"]
[Date "2022.12.16"]
[Round "16.25"]
[White "Seo, Jung Min"]
[Black "Petrovskyi, Vadym"]
[Result "1-0"]
[WhiteTitle "IM"]
[BlackTitle "FM"]
[WhiteElo "2502"]
[BlackElo "2402"]
[WhiteFideId "1734687"]
[BlackFideId "14165210"]
[EventDate "2022.12.16"]

1. e4 c5 2. Nf3 d6 3. d4 cxd4 4. Nxd4 Nf6 5. Nc3 a6 6. Be3 e5 7. Nb3 Be7 8. Qd2
Be6 9. f3 Nbd7 10. g4 O-O 11. O-O-O b5 12. g5 Nh5 13. Kb1 Nb6 14. Na5 Rc8 15.
Nd5 Nxd5 16. exd5 Bxd5 17. Qxd5 Qxa5 18. c4 Nf4 19. Bxf4 exf4 20. h4 Rc5 21. Qe4
Re5 22. Qxf4 Rc8 23. Rc1 g6 24. Bd3 b4 25. Be4 Bf8 26. Rhd1 Qc5 27. Bd5 Rc7 28.
Qd2 Rce7 29. Be4 Re8 30. Qc2 a5 31. Rd3 Qc7 32. Rd5 Bg7 33. Rd3 Rc8 34. Rcd1 Bf8
35. Rd4 Rc5 36. Bd5 Re8 37. h5 Kg7 38. Rf4 Rxd5 39. Rxd5 Re1+ 40. Rd1 Re5 41.
hxg6 hxg6 42. Rg4 Be7 43. f4 Re3 44. Rg2 a4 45. Re2 b3 46. axb3 axb3 47. Qd2
Rxe2 48. Qxe2 Qa7 49. Kc1 Qa1+ 50. Kd2 Qxb2+ 51. Kd3 Qa3 52. Qxe7 b2+ 53. Ke2
Qb3 54. Qf6+ Kg8 55. Qxd6 Qc2+ 56. Ke3 b1=Q 57. Rxb1 Qxb1 58. Qd8+ Kg7 59. Qd4+
Kg8 60. c5 Kf8 61. Kd2 Ke7 62. Qd6+ Ke8 63. Qe5+ Kd7 64. Qd4+ Ke7 65. Qe3+ Kf8
66. Qc3 Qf1 67. Ke3 Ke7 68. Qe5+ Kd7 69. Qd6+ Ke8 70. Kd4 Qd1+ 71. Kc4 Qa4+ 72.
Kd3 Qd1+ 73. Ke4 Qe2+ 74. Kd5 Qd3+ 75. Ke5 Qe3+ 76. Kf6 Qc3+ 77. Qe5+ Qxe5+ 1-0

[Event "European Blitz 2022"]
[Site "Katowice POL"]
[Date "2022.12.16"]
[Round "16.26"]
[White "Molenda, Marcin"]
[Black "Gavrilescu, David"]
[Result "1/2-1/2"]
[WhiteTitle "FM"]
[BlackTitle "IM"]
[WhiteElo "2381"]
[BlackElo "2522"]
[WhiteFideId "1173065"]
[BlackFideId "1227190"]
[EventDate "2022.12.16"]

1. d4 d5 2. c4 e6 3. Nf3 Nf6 4. g3 Bb4+ 5. Nbd2 dxc4 6. a3 Bxd2+ 7. Bxd2 b5 8.
Bg2 a5 9. a4 c6 10. O-O O-O 11. Qc2 Bb7 12. e4 h6 13. Qc1 Nxe4 14. Bf4 Nd7 15.
Re1 Nef6 16. Bxh6 gxh6 17. Qxh6 Nh7 18. Re4 Qf6 19. Rg4+ Kh8 20. Qh3 Rg8 21. Rh4
Rg7 22. Re1 Rag8 23. Ree4 Qf5 24. Qxf5 exf5 25. Re7 f6 26. Re6 bxa4 27. Nd2 c3
28. bxc3 a3 29. Re1 Nb6 30. Ra1 Re8 31. Bf1 Ra8 32. c4 Kg8 33. Rxa3 a4 34. Rf4
Ng5 35. Rxf5 Ne6 36. Rxf6 Nxd4 37. Bg2 Re7 38. h4 Nd7 39. Rd6 Nc2 40. Ra2 Nb4
41. Rb2 a3 42. Rxb4 a2 43. Nb3 a1=Q+ 44. Nxa1 Rxa1+ 45. Kh2 Ne5 46. c5 Bc8 47.
f3 Kf7 48. g4 Ra2 49. Rf4+ Kg7 50. Kg3 Rf7 51. Rxf7+ Kxf7 52. h5 Rc2 53. g5 Rxc5
54. f4 Rc3+ 55. Kh4 Rc4 56. Kg3 Rc3+ 57. Kh4 Rc4 58. Kg3 Rc3+ 59. Kh4 1/2-1/2

[Event "European Blitz 2022"]
[Site "Katowice POL"]
[Date "2022.12.16"]
[Round "16.27"]
[White "Monroy, Charles"]
[Black "Saric, Ante"]
[Result "0-1"]
[WhiteTitle "IM"]
[BlackTitle "GM"]
[WhiteElo "2395"]
[BlackElo "2504"]
[WhiteFideId "621641"]
[BlackFideId "14506254"]
[EventDate "2022.12.16"]

1. c4 e6 2. Nf3 d5 3. d4 Nf6 4. Nc3 dxc4 5. e4 Bb4 6. Bxc4 Nxe4 7. O-O Nf6 8.
Bg5 O-O 9. Qe2 Be7 10. Rad1 c6 11. Ne5 Nd5 12. Bc1 Nd7 13. f4 Nxe5 14. dxe5 Nxc3
15. bxc3 Qc7 16. g4 b5 17. Bd3 f5 18. exf6 Bxf6 19. g5 Be7 20. c4 Bd7 21. Qe4 g6
22. Bb2 Rf7 23. Kh1 Raf8 24. Qd4 e5 25. fxe5 c5 26. Qe3 Bc6+ 27. Kg1 Rf3 28. Qe2
Bxg5 29. Be4 Be3+ 0-1